<?xml version="1.0" encoding="UTF-8"?>
<record
    xmlns:xsi="http://www.w3.org/2001/XMLSchema-instance"
    xsi:schemaLocation="http://www.loc.gov/MARC21/slim http://www.loc.gov/standards/marcxml/schema/MARC21slim.xsd"
    xmlns="http://www.loc.gov/MARC21/slim">

  <leader>02190    a2200289   4500</leader>
  <controlfield tag="001">49787</controlfield>
  <controlfield tag="005">20260407155759.0</controlfield>
  <controlfield tag="008">260407a1998    arg                 spa d</controlfield>
  <controlfield tag="003">AR-UNSa-BCEJYS</controlfield>
  <datafield tag="040" ind1=" " ind2=" ">
    <subfield code="a">AR-UNSa-BCEJYS</subfield>
    <subfield code="b">spa</subfield>
    <subfield code="c">AR-UNSa-BCEJYS</subfield>
  </datafield>
  <datafield tag="080" ind1=" " ind2=" ">
    <subfield code="a">504.06</subfield>
    <subfield code="x">Protecci&#xF3;n del medio ambiente. Gesti&#xF3;n de la calidad del medio ambiente</subfield>
  </datafield>
  <datafield tag="245" ind1="1" ind2="0">
    <subfield code="a">Manual de evaluaci&#xF3;n de impacto ambiental</subfield>
    <subfield code="p">t&#xE9;cnicas para la elaboraci&#xF3;n de estudios de impacto</subfield>
  </datafield>
  <datafield tag="020" ind1=" " ind2=" ">
    <subfield code="a">84-481-1251-2</subfield>
  </datafield>
  <datafield tag="250" ind1=" " ind2=" ">
    <subfield code="a">2a. ed.</subfield>
  </datafield>
  <datafield tag="264" ind1=" " ind2="1">
    <subfield code="a">Madrid :</subfield>
    <subfield code="b">McGraw-Hill</subfield>
    <subfield code="c">1998</subfield>
  </datafield>
  <datafield tag="300" ind1=" " ind2=" ">
    <subfield code="a">xxiv, 841 p.</subfield>
    <subfield code="c">25 cm.</subfield>
  </datafield>
  <datafield tag="505" ind1=" " ind2=" ">
    <subfield code="a">1. La Ley de la pol&#xED;tica ambiental nacional y su aplicaci&#xF3;n - 2. Planificaci&#xF3;n y gesti&#xF3;n de los estudios de impacto - 3. M&#xE9;todos simples de identificaci&#xF3;n de impacto: matrices, diagramas de redes y listas de control - 4. Descripci&#xF3;n del emplazamiento ambiental - 5. &#xCD;ndice e indicadores ambientales que describen el medio afectado - 6. Predicci&#xF3;n y evaluaci&#xF3;n de impactos sobre el medio ambiente atmosf&#xE9;rico - 7. Predicci&#xF3;n y evaluaci&#xF3;n de impactos en las aguas superficiales - 8. Predicci&#xF3;n y evaluaci&#xF3;n de impactos en el suelo y aguas subterr&#xE1;neas - 9. Predicci&#xF3;n y evaluaci&#xF3;n de impactos sonoros en el tiempo - 10. Predicci&#xF3;n y evaluaci&#xF3;n de impactos sobre el medio bi&#xF3;tico - 11. M&#xE9;todos b&#xE1;sicos en el h&#xE1;bitat para la predicci&#xF3;n y evaluaci&#xF3;n del impacto bi&#xF3;tico - 12. Predicci&#xF3;n y evaluaci&#xF3;n de impactos en el medio ambiente cultural - 13. Predicci&#xF3;n y evaluaci&#xF3;n de impactos visuales - 14. Previsi&#xF3;n y evaluaci&#xF3;n de impactos en el medio ambiente - 15. M&#xE9;todos de decisi&#xF3;n para la evaluaci&#xF3;n de alternativas - 16. Participaci&#xF3;n p&#xFA;blica en la toma de decisiones ambiental - 17. Preparaci&#xF3;n de la documentaci&#xF3;n - 18. Vigilancia ambiental. </subfield>
  </datafield>
  <datafield tag="041" ind1=" " ind2=" ">
    <subfield code="a">spa</subfield>
  </datafield>
  <datafield tag="942" ind1=" " ind2=" ">
    <subfield code="c">BK</subfield>
  </datafield>
  <datafield tag="590" ind1=" " ind2=" ">
    <subfield code="a">niveau_biblio:m niveau_hierar:0</subfield>
  </datafield>
  <datafield tag="100" ind1="1" ind2=" ">
    <subfield code="a">Canter, Larry W.</subfield>
  </datafield>
  <datafield tag="700" ind1="1" ind2=" ">
    <subfield code="a">Espa&#xF1;ol Ech&#xE1;niz, Ignacio</subfield>
  </datafield>
  <datafield tag="700" ind1="1" ind2=" ">
    <subfield code="a">Castillo Gonz&#xE1;lez, Isabel del</subfield>
  </datafield>
  <datafield tag="700" ind1="1" ind2=" ">
    <subfield code="a">Al&#xF3;s Cort&#xE9;s, Mercedes</subfield>
  </datafield>
  <datafield tag="700" ind1="1" ind2=" ">
    <subfield code="a">&#xC1;lvarez-Villamil B&#xE1;rcena, Genoveva</subfield>
  </datafield>
  <datafield tag="856" ind1="4" ind2="1">
    <subfield code="u">https://www.biblioeco.unsa.edu.ar/pmb/images/libros/L128180.jpg</subfield>
    <subfield code="y">Imagen de portada</subfield>
    <subfield code="q">image/jpeg</subfield>
  </datafield>
  <datafield tag="999" ind1=" " ind2=" ">
    <subfield code="c">4882</subfield>
    <subfield code="d">4882</subfield>
  </datafield>
  <datafield tag="952" ind1=" " ind2=" ">
    <subfield code="0">0</subfield>
    <subfield code="1">0</subfield>
    <subfield code="4">0</subfield>
    <subfield code="7">0</subfield>
    <subfield code="a">BCEJYS</subfield>
    <subfield code="b">BCEJYS</subfield>
    <subfield code="c">16</subfield>
    <subfield code="d">2026-04-07</subfield>
    <subfield code="l">0</subfield>
    <subfield code="o">504.06 C229</subfield>
    <subfield code="p">L128180</subfield>
    <subfield code="r">2026-04-07 15:57:59</subfield>
    <subfield code="w">2026-04-07</subfield>
    <subfield code="y">L</subfield>
  </datafield>
</record>
